000 00488nmm a2200169Ia 4500
008 251105s9999||||xx |||||||||||||||||und||
020 _a9788499186474
041 _aspa
100 _aElordi, Carlos
245 0 _a¿Quiénes mandan de verdad en España?
264 _a[Madrid, España] :
_bRoca Editorial,
_c2013
300 _a116 páginas
490 _aEldiario.es
650 _aPolitical Science (General)
856 _uhttps://public.digitaliapublishing.com/a/34500
942 _cCF
999 _c92434
_d92434